[Event "Lancaster Major 2nd"]
[Site "Lancaster"]
[Date "2024.08.10"]
[Round "3.23"]
[White "Richmond, Charles J"]
[Black "Emmerton, Stephen J"]
[Result "1-0"]
[WhiteElo "1561"]
[BlackElo "1585"]
[PlyCount "99"]
[EventDate "2024.08.09"]
[EventType "swiss"]
[EventRounds "5"]
[EventCountry "ENG"]
[SourceTitle "BritBase"]
[Source "John Saunders"]
[SourceDate "2024.08.31"]
[SourceVersion "1"]
[SourceVersionDate "2024.08.28"]
[SourceQuality "1"]

1. e4 d5 2. exd5 Nf6 3. Nf3 Nxd5 4. d4 Bf5 5. c3 e6 6. Bd3 Bxd3 7. Qxd3 c6 8. O-O Bd6 9. Re1 O-O 10. Bg5 Qc7 11. Nbd2 Nd7 12. b3 h6 13. Bh4 Nf4 14. Qc2 Ng6 15. Bg3 Bxg3 16. fxg3 Rfe8 17. Re2 Kf8 18. Rae1 c5 19. Nc4 cxd4 20. cxd4 Rac8 21. Qd3 Kg8 22. d5 Qc5+ 23. Kh1 b5 24. dxe6 fxe6 25. Nd6 Ndf8 26. Nxe8 Rxe8 27. Ne5 Nxe5 28. Rxe5 Qc7 29. Qxb5 Rd8 30. h3 Ng6 31. R5e3 Kh8 32. Kh2 e5 33. Qa6 Kh7 34. h4 h5 35. Qe2 Kh6 36. Re4 Rf8 37. Qe3+ Kh7 38. Qd3 Rf5 39. Rc4 Qf7 40. Qe2 Kh6 41. Rc3 Rf2 42. Qe3+ Kh7 43. a4 Ra2 44. Qg5 Qf2 45. Qxh5+ Kg8 46. Rg1 Ne7 47. Qxe5 Re2 48. Qb8+ Kh7 49. Rc7 Nf5 50. Rc4 1-0

[Event "Lancaster Major 2nd"]
[Site "Lancaster"]
[Date "2024.08.11"]
[Round "4.12"]
[White "Layhe, Simon"]
[Black "Woozeer, Seth"]
[Result "1/2-1/2"]
[WhiteElo "1862"]
[BlackElo "1698"]
[PlyCount "34"]
[EventDate "2024.08.09"]
[EventType "swiss"]
[EventRounds "5"]
[EventCountry "ENG"]
[SourceTitle "BritBase"]
[Source "John Saunders"]
[SourceDate "2024.08.31"]
[SourceVersion "1"]
[SourceVersionDate "2024.08.28"]
[SourceQuality "1"]

1. d4 Nf6 2. Nf3 g6 3. g3 Bg7 4. Bg2 O-O 5. O-O d6 6. c4 Nbd7 7. Nc3 e5 8. e3 a5 9. Bd2 Re8 10. Rc1 Nb6 11. b3 c6 12. dxe5 dxe5 13. e4 h6 14. h3 Nbd7 15. Be3 Qe7 16. Qc2 Nc5 17. Rfd1 Nh7 1/2-1/2

[Event "Lancaster Major 2nd"]
[Site "Lancaster"]
[Date "2024.08.11"]
[Round "4.13"]
[White "McGuinness, Simon P"]
[Black "Lee, Jordan"]
[Result "1/2-1/2"]
[WhiteElo "1887"]
[BlackElo "1810"]
[PlyCount "117"]
[EventDate "2024.08.09"]
[EventType "swiss"]
[EventRounds "5"]
[EventCountry "ENG"]
[SourceTitle "BritBase"]
[Source "John Saunders"]
[SourceDate "2024.08.31"]
[SourceVersion "1"]
[SourceVersionDate "2024.08.28"]
[SourceQuality "1"]

1. d4 d5 2. Bf4 Nf6 3. e3 c5 4. c3 Qb6 5. Qc1 Bf5 6. Nf3 Nc6 7. Ne5 Rc8 8. Nxc6 bxc6 9. Be2 cxd4 10. exd4 e6 11. b4 Be7 12. Nd2 O-O 13. Nb3 Ne4 14. O-O Rfe8 15. f3 Nf6 16. Kh1 Nd7 17. Re1 f6 18. Bf1 Bf8 19. Qd2 g5 20. Be3 Qc7 21. Bd3 Bxd3 22. Qxd3 e5 23. Nc5 Nxc5 24. bxc5 e4 25. fxe4 dxe4 26. Qc4+ Qf7 27. Qxf7+ Kxf7 28. g4 Kg6 29. Rab1 Rc7 30. a4 h5 31. h3 hxg4 32. hxg4 f5 33. gxf5+ Kxf5 34. Rf1+ Kg6 35. c4 Rd8 36. a5 Bh6 37. a6 g4 38. Bxh6 Kxh6 39. Rf6+ Kg5 40. Rd6 Rh8+ 41. Kg2 Kf4 42. Rb7 Rhh7 43. Rb3 Rhe7 44. Rf6+ Kg5 45. Rf8 e3 46. Rg8+ Kf4 47. Rb1 e2 48. Re1 Ke3 49. Rb8 Kxd4 50. Rb2 Kxc5 51. Kg3 Rcd7 52. Rexe2 Rxe2 53. Rxe2 Rd4 54. Rb2 Rxc4 55. Rb7 Rb4 56. Rxa7 Kb6 57. Ra8 c5 58. a7 Kb7 59. Rc8 1/2-1/2

[Event "Lancaster Major 2nd"]
[Site "Lancaster"]
[Date "2024.08.11"]
[Round "4.14"]
[White "Carter, Bowie"]
[Black "Doherty, Paul D"]
[Result "1-0"]
[WhiteElo "1812"]
[BlackElo "1774"]
[PlyCount "64"]
[EventDate "2024.08.09"]
[EventType "swiss"]
[EventRounds "5"]
[EventCountry "ENG"]
[SourceTitle "BritBase"]
[Source "John Saunders"]
[SourceDate "2024.08.31"]
[SourceVersion "1"]
[SourceVersionDate "2024.08.28"]
[SourceQuality "1"]

1. e4 d6 2. d4 Nf6 3. Nc3 c6 4. Nf3 Qa5 5. Bd2 e5 6. Bd3 Bg4 7. dxe5 dxe5 8. h3 Bxf3 9. Qxf3 Nbd7 10. a3 Be7 11. O-O Qc7 12. b4 a6 13. Be3 b5 14. Ne2 c5 15. Ng3 g6 16. a4 c4 17. Be2 O-O 18. c3 Qc6 19. a5 Rfd8 20. Rfd1 Nf8 21. Bb6 Rd6 22. Rxd6 Bxd6 23. Qxf6 Ne6 24. Rd1 Re8 25. Bg4 Qd7 26. Bxe6 Rxe6 27. Qf3 h5 28. Nf1 Kg7 29. Ne3 Rf6 30. Qg3 h4 31. Qxh4 Rf4 32. Qg3 Rxe4 1-0

[Event "Lancaster Major 2nd"]
[Site "Lancaster"]
[Date "2024.08.11"]
[Round "4.15"]
[White "Tedd, Bernie"]
[Black "Dean, Robert A"]
[Result "1/2-1/2"]
[WhiteElo "1772"]
[BlackElo "1800"]
[PlyCount "46"]
[EventDate "2024.08.09"]
[EventType "swiss"]
[EventRounds "5"]
[EventCountry "ENG"]
[SourceTitle "BritBase"]
[Source "John Saunders"]
[SourceDate "2024.08.31"]
[SourceVersion "1"]
[SourceVersionDate "2024.08.28"]
[SourceQuality "1"]

1. e4 e6 2. d4 d5 3. exd5 exd5 4. Nf3 Bg4 5. Be2 Nc6 6. O-O Qd7 7. Bf4 O-O-O 8. c3 Bd6 9. Bxd6 Qxd6 10. Ng5 Bxe2 11. Qxe2 Nh6 12. Nd2 Rde8 13. Qd3 f6 14. Ngf3 Kb8 15. Rfe1 g6 16. g3 Nf5 17. Rxe8+ Rxe8 18. Re1 Rxe1+ 19. Nxe1 h5 20. Qe2 Nce7 21. Ng2 a6 22. Nf4 Ka7 23. Qe6 Qxe6 1/2-1/2

[Event "Lancaster Major 2nd"]
[Site "Lancaster"]
[Date "2024.08.11"]
[Round "4.16"]
[White "Connor, Michael"]
[Black "Barton, Zachary"]
[Result "1/2-1/2"]
[WhiteElo "1785"]
[BlackElo "1878"]
[PlyCount "196"]
[EventDate "2024.08.09"]
[EventType "swiss"]
[EventRounds "5"]
[EventCountry "ENG"]
[SourceTitle "BritBase"]
[Source "John Saunders"]
[SourceDate "2024.08.31"]
[SourceVersion "1"]
[SourceVersionDate "2024.08.28"]
[SourceQuality "1"]

1. d4 d5 2. c4 e6 3. g3 Nf6 4. Bg2 c6 5. Qc2 Nbd7 6. Nf3 Be7 7. O-O O-O 8. Rd1 Ne4 9. e3 b6 10. b3 Bb7 11. Nc3 Nxc3 12. Qxc3 Qc7 13. Bb2 Rac8 14. Rac1 Rfd8 15. Ne1 Nf6 16. Nd3 Bf8 17. c5 Nd7 18. Ba3 b5 19. b4 Ra8 20. Rc2 a5 21. bxa5 Rxa5 22. Bb4 Ra4 23. a3 Re8 24. Nb2 Ra7 25. Bf1 Rc8 26. Bd3 e5 27. Bf5 e4 28. Qd2 g6 29. Bh3 Re8 30. Rf1 Nf6 31. Qe2 Bh6 32. Nd1 Bc8 33. Bxc8 Qxc8 34. Kg2 Rae7 35. h3 Qe6 36. Bd2 Bg7 37. Rc3 h5 38. Bc1 Nh7 39. h4 Nf6 40. Bd2 Ng4 41. Nb2 Ra8 42. Rb3 f5 43. Nd1 Bf6 44. f3 exf3+ 45. Qxf3 Rf7 46. Nf2 Raf8 47. Nh3 Bg7 48. Nf4 Qf6 49. Ra1 Re8 50. a4 bxa4 51. Rxa4 Rfe7 52. Ra6 Re4 53. Rd3 Rd8 54. Ba5 Rd7 55. Ra8+ Kh7 56. Nh3 Bh6 57. Bd2 Rde7 58. Raa3 f4 59. Nxf4 Bxf4 60. gxf4 Qxh4 61. Qg3 Qf6 62. Qf3 Nh6 63. Ra1 Nf5 64. Qh3 Qe6 65. Re1 Kg7 66. Kf2 Nxd4 67. exd4 Re2+ 68. Rxe2 Qxe2+ 69. Kg1 Ra7 70. Qe3 Ra1+ 71. Bc1 Rxc1+ 72. Qxc1 Qxd3 73. Qb2 Qe3+ 74. Kg2 Qe4+ 75. Kg3 Qe3+ 76. Kg2 Kh6 77. Qb6 Qe6 78. Qc7 Qe4+ 79. Kg3 Qe3+ 80. Kg2 Qe2+ 81. Kg3 Qg4+ 82. Kf2 Qe6 83. Qd8 Qf7 84. Qh8+ Qh7 85. Qf6 Qg7 86. Qg5+ Kh7 87. Ke3 Qf7 88. Qe5 Kg8 89. Qb8+ Kg7 90. Qe5+ Kf8 91. Qh8+ Ke7 92. Qe5+ Qe6 93. Kf3 Qxe5 94. fxe5 g5 95. Kg3 Ke6 96. Kf3 Kf5 97. Kg3 Ke6 98. Kf3 Ke7 1/2-1/2

[Event "Lancaster Major 2nd"]
[Site "Lancaster"]
[Date "2024.08.11"]
[Round "4.17"]
[White "Kryshtafor, Maksym"]
[Black "Williamson, Graham A"]
[Result "1-0"]
[WhiteElo "116"]
[BlackElo "1754"]
[PlyCount "59"]
[EventDate "2024.08.09"]
[EventType "swiss"]
[EventRounds "5"]
[EventCountry "ENG"]
[SourceTitle "BritBase"]
[Source "John Saunders"]
[SourceDate "2024.08.31"]
[SourceVersion "1"]
[SourceVersionDate "2024.08.28"]
[SourceQuality "1"]

1. e4 d5 2. exd5 Nf6 3. d4 Bg4 4. Be2 Bxe2 5. Qxe2 Qxd5 6. Nf3 Nc6 7. O-O e6 8. Nc3 Qh5 9. Bf4 Nd5 10. Nxd5 Qxd5 11. Bxc7 Nxd4 12. Nxd4 Qxd4 13. Rad1 Qc5 14. Be5 f6 15. Bd4 Qc6 16. Qh5+ g6 17. Qh4 e5 18. Rfe1 Kf7 19. Bc3 Bg7 20. Qb4 Rhe8 21. Rd6 Qc7 22. Red1 Re7 23. Qb3+ Ke8 24. Bb4 Bf8 25. Qa4+ Kf7 26. Rd7 Qc4 27. b3 Qxc2 28. Bxe7 Bxe7 29. Qc4+ Qxc4 30. bxc4 1-0

[Event "Lancaster Major 2nd"]
[Site "Lancaster"]
[Date "2024.08.11"]
[Round "4.18"]
[White "O'Gorman, Brendan"]
[Black "Richmond, Charles J"]
[Result "1-0"]
[WhiteElo "1797"]
[BlackElo "1561"]
[PlyCount "77"]
[EventDate "2024.08.09"]
[EventType "swiss"]
[EventRounds "5"]
[EventCountry "ENG"]
[SourceTitle "BritBase"]
[Source "John Saunders"]
[SourceDate "2024.08.31"]
[SourceVersion "1"]
[SourceVersionDate "2024.08.28"]
[SourceQuality "1"]

1. c4 e6 2. Nc3 Nf6 3. e4 Bb4 4. e5 Bxc3 5. dxc3 Ng8 6. Qg4 g6 7. Bd3 Nc6 8. Nf3 d6 9. Bg5 Nce7 10. O-O-O h6 11. Qh4 Qd7 12. g4 Qa4 13. Bxe7 Nxe7 14. Qf6 Rh7 15. exd6 cxd6 16. Kb1 Ng8 17. Qd4 Qc6 18. Be4 Qc7 19. Qxd6 Qxd6 20. Rxd6 Nf6 21. Bc2 Nxg4 22. Rhd1 Nxf2 23. Rf1 Nh3 24. Ne5 Rg7 25. Rfd1 Nf4 26. Rd8+ Ke7 27. Rh8 f6 28. Nf3 b6 29. Rdd8 Bb7 30. Rxa8 Bxa8 31. Rxa8 a5 32. Rb8 Kd6 33. Rxb6+ Kc5 34. Rb5+ Kc6 35. Rxa5 g5 36. b4 g4 37. Nd4+ Kb7 38. Be4+ Kb8 39. Ra8+ 1-0

[Event "Lancaster Major 2nd"]
[Site "Lancaster"]
[Date "2024.08.11"]
[Round "4.19"]
[White "Blackburn, Jon E"]
[Black "Shaw, Kevin F"]
[Result "0-1"]
[WhiteElo "1697"]
[BlackElo "1774"]
[PlyCount "108"]
[EventDate "2024.08.09"]
[EventType "swiss"]
[EventRounds "5"]
[EventCountry "ENG"]
[SourceTitle "BritBase"]
[Source "John Saunders"]
[SourceDate "2024.08.31"]
[SourceVersion "1"]
[SourceVersionDate "2024.08.28"]
[SourceQuality "1"]

1. d4 d5 2. Nf3 Nf6 3. Bf4 Bf5 4. e3 e6 5. Bd3 Bxd3 6. Qxd3 Be7 7. Nbd2 c6 8. h3 Nbd7 9. O-O O-O 10. c3 Re8 11. e4 dxe4 12. Nxe4 Nxe4 13. Qxe4 Nf6 14. Qc2 Nd5 15. Be5 Bd6 16. Qe4 Bxe5 17. Nxe5 Qb6 18. Rab1 Rad8 19. Rfe1 Nf6 20. Qe3 Rd5 21. Qe2 c5 22. Nc4 Qc7 23. Ne3 Rd7 24. dxc5 Qxc5 25. Rbd1 Red8 26. Rxd7 Rxd7 27. Rd1 Rxd1+ 28. Qxd1 g6 29. Qd3 Qe5 30. Qc4 Kg7 31. b4 Ne4 32. Ng4 Qd5 33. Qd4+ Qxd4 34. cxd4 Nc3 35. a3 Ne2+ 36. Kf1 Nxd4 37. Ne3 f5 38. a4 Kf6 39. Nc4 Ke7 40. b5 b6 41. Ke1 Nb3 42. Ke2 Nc5 43. Nb2 Kd6 44. Ke3 e5 45. f4 exf4+ 46. Kxf4 Ne6+ 47. Ke3 Kd5 48. Nd3 Nc5 49. Nb4+ Kc4 50. Nc6 Nxa4 51. Nxa7 Nc3 52. Nc6 Nd5+ 53. Kf3 Kxb5 54. Nd8 Kc4 0-1

[Event "Lancaster Major 2nd"]
[Site "Lancaster"]
[Date "2024.08.11"]
[Round "4.20"]
[White "Cherrington, Joshua"]
[Black "Blackburn, Sandra G"]
[Result "1/2-1/2"]
[WhiteElo "1631"]
[BlackElo "1528"]
[PlyCount "49"]
[EventDate "2024.08.09"]
[EventType "swiss"]
[EventRounds "5"]
[EventCountry "ENG"]
[SourceTitle "BritBase"]
[Source "John Saunders"]
[SourceDate "2024.08.31"]
[SourceVersion "1"]
[SourceVersionDate "2024.08.28"]
[SourceQuality "1"]

1. Nf3 Nf6 2. b3 c5 3. e3 d6 4. Bb2 Bg4 5. Be2 g6 6. h3 Bxf3 7. Bxf3 Nc6 8. c4 Bg7 9. d4 cxd4 10. exd4 O-O 11. O-O h5 12. Nc3 Rc8 13. Re1 Re8 14. Qd2 Nd7 15. Ne4 Nf6 16. Rad1 Nxe4 17. Bxe4 Qc7 18. f4 e5 19. fxe5 dxe5 20. Bxc6 bxc6 21. dxe5 Bxe5 22. Bxe5 Rxe5 23. Rxe5 Qxe5 24. Qf2 Rc7 25. Qd4 1/2-1/2

[Event "Lancaster Major 2nd"]
[Site "Lancaster"]
[Date "2024.08.11"]
[Round "4.21"]
[White "Murdoch, Stephen"]
[Black "Howells, Stephen Wyn"]
[Result "0-1"]
[WhiteElo "1609"]
[BlackElo "1526"]
[PlyCount "24"]
[EventDate "2024.08.09"]
[EventType "swiss"]
[EventRounds "5"]
[EventCountry "ENG"]
[SourceTitle "BritBase"]
[Source "John Saunders"]
[SourceDate "2024.08.31"]
[SourceVersion "1"]
[SourceVersionDate "2024.08.28"]
[SourceQuality "1"]

1. d4 Nf6 2. Bf4 c5 3. c3 Qb6 4. b3 cxd4 5. Qxd4 Nc6 6. Qxb6 axb6 7. e3 g6 8. Ne2 Bg7 9. Bg3 b5 10. Nd4 b4 11. cxb4 Ne4 12. f3 Nxg3 0-1

[Event "Lancaster Major 2nd"]
[Site "Lancaster"]
[Date "2024.08.11"]
[Round "4.22"]
[White "Emmerton, Stephen J"]
[Black "Collins, Nigel"]
[Result "1-0"]
[WhiteElo "1585"]
[BlackElo "1500"]
[PlyCount "68"]
[EventDate "2024.08.09"]
[EventType "swiss"]
[EventRounds "5"]
[EventCountry "ENG"]
[SourceTitle "BritBase"]
[Source "John Saunders"]
[SourceDate "2024.08.31"]
[SourceVersion "1"]
[SourceVersionDate "2024.08.28"]
[SourceQuality "1"]

1. e4 c5 2. Nf3 d6 3. d4 cxd4 4. Nxd4 Nf6 5. f3 a6 6. c4 e5 7. Nb3 Be6 8. Be3 Nbd7 9. Nc3 Be7 10. Be2 Rc8 11. Nd2 h6 12. Nd5 O-O 13. b3 Ne8 14. Nf1 f5 15. exf5 Bxf5 16. Qd2 Nef6 17. Ng3 Be6 18. Nxe7+ Qxe7 19. Bd3 d5 20. cxd5 Nxd5 21. Bc4 Nxe3 22. Bxe6+ Qxe6 23. Qxe3 Rfe8 24. O-O Nf6 25. Ne4 Nd5 26. Qa7 Re7 27. Rac1 Rxc1 28. Rxc1 Qb6+ 29. Qxb6 Nxb6 30. Kf2 Kf7 31. Rc5 Ke6 32. Rc2 Nd5 33. g3 Nb4 34. Rd2 Rf7 1-0

[Event "Lancaster Major 2nd"]
[Site "Lancaster"]
[Date "2024.08.11"]
[Round "5.11"]
[White "Woozeer, Seth"]
[Black "Carter, Bowie"]
[Result "1/2-1/2"]
[WhiteElo "1698"]
[BlackElo "1812"]
[PlyCount "149"]
[EventDate "2024.08.09"]
[EventType "swiss"]
[EventRounds "5"]
[EventCountry "ENG"]
[SourceTitle "BritBase"]
[Source "John Saunders"]
[SourceDate "2024.08.31"]
[SourceVersion "1"]
[SourceVersionDate "2024.08.28"]
[SourceQuality "1"]

1. e4 c5 2. Nf3 d6 3. d4 cxd4 4. Nxd4 Nf6 5. Nc3 g6 6. Be3 Bg7 7. f3 Nc6 8. Qd2 Nxd4 9. Bxd4 O-O 10. g4 Qa5 11. h4 h5 12. gxh5 Nxh5 13. Bxg7 Kxg7 14. O-O-O Be6 15. Kb1 Rac8 16. f4 Rxc3 17. Qxc3+ Qxc3 18. bxc3 Nxf4 19. Kb2 Bg4 20. Rd4 Ne6 21. Rc4 Nc5 22. Rg1 Bf3 23. e5 Ne6 24. exd6 exd6 25. Bg2 Bxg2 26. Rxg2 Rd8 27. Rcg4 Kh6 28. c4 Rc8 29. Kc1 Ng7 30. Kd2 Nf5 31. Re4 Rc6 32. Ke2 d5 33. cxd5 Rxc2+ 34. Kf1 Rc5 35. Re5 f6 36. Re6 Rxd5 37. Rf2 Kg7 38. Rf4 Kf7 39. Re1 Rd2 40. Ra4 a6 41. Rb1 Nd6 42. Ke1 Rd5 43. Rd1 Re5+ 44. Kf1 Re8 45. Rad4 Nf5 46. Rd7+ Re7 47. Rxe7+ Kxe7 48. Re1+ Kd7 49. Rb1 Kc6 50. Rb4 a5 51. Rf4 Kd5 52. Kf2 Nd6 53. Rg4 Nf5 54. Rxg6 Nxh4 55. Rxf6 b5 56. Kg3 Ke5 57. Rf8 Nf5+ 58. Kf3 Nd6 59. Ke3 Kd5 60. Kd3 Kc5 61. Kc3 Ne4+ 62. Kb2 Nd6 63. Rf4 Nc4+ 64. Kc3 b4+ 65. Kb3 Nb6 66. Rf5+ Nd5 67. Ka4 Kc4 68. Kxa5 Nc3 69. Rf4+ Kd3 70. Rf2 Kc4 71. Rb2 Nd5 72. Rb3 Kc5 73. Ka6 Kc4 74. Rh3 Nc3 75. Rh4+ 1/2-1/2

[Event "Lancaster Major 2nd"]
[Site "Lancaster"]
[Date "2024.08.11"]
[Round "5.12"]
[White "McGuinness, Simon P"]
[Black "Layhe, Simon"]
[Result "1/2-1/2"]
[WhiteElo "1887"]
[BlackElo "1862"]
[PlyCount "39"]
[EventDate "2024.08.09"]
[EventType "swiss"]
[EventRounds "5"]
[EventCountry "ENG"]
[SourceTitle "BritBase"]
[Source "John Saunders"]
[SourceDate "2024.08.31"]
[SourceVersion "1"]
[SourceVersionDate "2024.08.28"]
[SourceQuality "1"]

1. d4 Nf6 2. Nc3 d5 3. Bf4 a6 4. e3 e6 5. a3 c5 6. Be2 Nc6 7. Nf3 Be7 8. h3 Bd7 9. Ne5 Rc8 10. O-O O-O 11. Nxc6 Bxc6 12. Bf3 c4 13. g4 Ne4 14. Ne2 Qa5 15. Bg2 Rfd8 16. f3 Nd6 17. Bg3 Rd7 18. f4 f5 19. g5 h6 20. h4 1/2-1/2

[Event "Lancaster Major 2nd"]
[Site "Lancaster"]
[Date "2024.08.11"]
[Round "5.13"]
[White "Dean, Robert A"]
[Black "Kryshtafor, Maksym"]
[Result "0-1"]
[WhiteElo "1800"]
[BlackElo "1816"]
[PlyCount "176"]
[EventDate "2024.08.09"]
[EventType "swiss"]
[EventRounds "5"]
[EventCountry "ENG"]
[SourceTitle "BritBase"]
[Source "John Saunders"]
[SourceDate "2024.08.31"]
[SourceVersion "1"]
[SourceVersionDate "2024.08.28"]
[SourceQuality "1"]

1. e4 e5 2. Nf3 Nc6 3. Bb5 a6 4. Ba4 Nf6 5. O-O Nxe4 6. d4 b5 7. Bb3 d5 8. dxe5 Be6 9. c3 Be7 10. Be3 O-O 11. Nbd2 Nc5 12. Bc2 Bg4 13. Qb1 h6 14. Re1 Nd7 15. Bd4 Nxd4 16. Nxd4 c5 17. Nc6 Qe8 18. Nxe7+ Qxe7 19. Bf5 Bxf5 20. Qxf5 Qe6 21. Qh5 Kh7 22. Nf3 Qg6 23. Qh3 Rad8 24. Nh4 Qe6 25. Qd3+ g6 26. f4 c4 27. Qc2 Qb6+ 28. Kh1 Nc5 29. Qf2 Qc6 30. Re2 Ne4 31. Qd4 f6 32. f5 gxf5 33. Nxf5 fxe5 34. Qxe5 Qf6 35. Qxf6 Rxf6 36. Nd4 Rdf8 37. Nf3 a5 38. Rd1 Rf4 39. Kg1 b4 40. Nd4 R4f6 41. Nf3 bxc3 42. Rxd5 cxb2 43. Rxb2 c3 44. Rb7+ R8f7 45. Rxf7+ Rxf7 46. Nd4 Rb7 47. h3 Kg6 48. Rxa5 Rb6 49. Kh2 Kf6 50. Rf5+ Kg6 51. Re5 Nf2 52. Rc5 Rb1 53. Rc6+ Kf7 54. Rxh6 Rd1 55. Nb3 Rh1+ 56. Kg3 Ne4+ 57. Kf4 Nf6 58. Rh8 Re1 59. Rc8 Re2 60. Rc7+ Ke8 61. Kg3 Rxa2 62. Rc6 Ke7 63. Kh2 Nd5 64. Rc4 Kd6 65. Rc8 Ke5 66. Re8+ Kf4 67. Nd4 Ne3 68. Rg8 Rd2 69. Nb3 Rb2 70. Nd4 Ke4 71. Nf3 Nxg2 72. Ng5+ Kf5 73. Rc8 Nf4+ 74. Kg3 Ne2+ 75. Kh4 Rb4+ 76. Kh5 Rb2 77. Rc5+ Kf4 78. Ne6+ Ke4 79. Ng5+ Kd4 80. Ne6+ Kd3 81. Rd5+ Ke4 82. Rc5 c2 83. Ng5+ Kd3 84. Rd5+ Kc4 85. Rd8 Rb5 86. Rc8+ Rc5 87. Rxc5+ Kxc5 88. Ne4+ Kb6 0-1

[Event "Lancaster Major 2nd"]
[Site "Lancaster"]
[Date "2024.08.11"]
[Round "5.14"]
[White "Lee, Jordan"]
[Black "Connor, Michael"]
[Result "0-1"]
[WhiteElo "1810"]
[BlackElo "1785"]
[PlyCount "82"]
[EventDate "2024.08.09"]
[EventType "swiss"]
[EventRounds "5"]
[EventCountry "ENG"]
[SourceTitle "BritBase"]
[Source "John Saunders"]
[SourceDate "2024.08.31"]
[SourceVersion "1"]
[SourceVersionDate "2024.08.28"]
[SourceQuality "1"]

1. e4 Nf6 2. e5 Nd5 3. c4 Nb6 4. d4 d6 5. exd6 cxd6 6. Nf3 g6 7. Nc3 Bg7 8. Bd3 O-O 9. O-O Nc6 10. d5 Nb4 11. Be2 Bf5 12. a3 Na6 13. Nd4 Bd7 14. Be3 Rc8 15. b3 Nc7 16. Rc1 e5 17. dxe6 fxe6 18. Qd2 d5 19. Nf3 Bc6 20. Bxb6 axb6 21. Rfd1 Qd6 22. a4 Rcd8 23. Nb5 Bxb5 24. axb5 d4 25. Ra1 e5 26. Bd3 Rf4 27. Re1 Ne6 28. Be4 Nc5 29. Bd5+ Kh8 30. Ra7 Nxb3 31. Qa2 Nc5 32. Ng5 Rdf8 33. Ra8 Qe7 34. Rxf8+ Bxf8 35. h4 h6 36. Nf3 Nd3 37. Re2 Nc1 38. Nxe5 Qxe5 39. Rxe5 Nxa2 40. Re6 d3 41. Kf1 Nc3 0-1

[Event "Lancaster Major 2nd"]
[Site "Lancaster"]
[Date "2024.08.11"]
[Round "5.15"]
[White "Shaw, Kevin F"]
[Black "O'Gorman, Brendan"]
[Result "0-1"]
[WhiteElo "1774"]
[BlackElo "1797"]
[PlyCount "90"]
[EventDate "2024.08.09"]
[EventType "swiss"]
[EventRounds "5"]
[EventCountry "ENG"]
[SourceTitle "BritBase"]
[Source "John Saunders"]
[SourceDate "2024.08.31"]
[SourceVersion "1"]
[SourceVersionDate "2024.08.28"]
[SourceQuality "1"]

1. e4 c5 2. Nc3 e6 3. g3 d5 4. exd5 exd5 5. d3 Nf6 6. Bg2 Be7 7. Nf3 O-O 8. O-O Nc6 9. Re1 h6 10. h3 Be6 11. Bf4 Re8 12. Ne5 Nxe5 13. Bxe5 Qd7 14. Kh2 Rad8 15. Bxf6 Bxf6 16. Qd2 b6 17. Rab1 Bxc3 18. bxc3 d4 {(=)} 19. c4 Bf5 20. g4 Bg6 21. f4 f5 22. Kg3 Bf7 23. Bf3 fxg4 24. hxg4 Rxe1 25. Rxe1 Re8 26. Rxe8+ Qxe8 27. f5 Qb8+ 28. Qf4 Qxf4+ 29. Kxf4 Kf8 30. Ke5 Ke7 31. Bc6 Bg8 32. Bd5 Bf7 33. a4 Be8 34. Bf3 Bxa4 35. Bd1 a5 36. Kd5 Bd7 37. c3 dxc3 38. d4 cxd4 39. Kxd4 Kd6 40. Kxc3 Kc5 41. Be2 b5 42. cxb5 Bxb5 43. Bf3 a4 44. Bd1 Bc6 45. Be2 Bd5 0-1

[Event "Lancaster Major 2nd"]
[Site "Lancaster"]
[Date "2024.08.11"]
[Round "5.16"]
[White "Doherty, Paul D"]
[Black "Tedd, Bernie"]
[Result "1-0"]
[WhiteElo "1774"]
[BlackElo "1772"]
[PlyCount "75"]
[EventDate "2024.08.09"]
[EventType "swiss"]
[EventRounds "5"]
[EventCountry "ENG"]
[SourceTitle "BritBase"]
[Source "John Saunders"]
[SourceDate "2024.08.31"]
[SourceVersion "1"]
[SourceVersionDate "2024.08.28"]
[SourceQuality "1"]

1. e4 d5 2. exd5 Qxd5 3. Nc3 Qa5 4. d4 Nf6 5. Bc4 Bg4 6. f3 Bf5 7. Bd2 Qb6 8. Nge2 e6 9. O-O Be7 10. Kh1 O-O 11. Re1 Re8 12. Be3 Na6 13. Ng3 Qxb2 14. Nce4 Bxe4 15. fxe4 Nb4 16. Bb3 Qc3 17. Bf4 c5 18. Ne2 Qb2 19. Rb1 Qa3 20. c3 Nxe4 21. Rf1 Nc6 22. Qd3 Nf6 23. Bg5 cxd4 24. cxd4 Rad8 25. Bc1 Qd6 26. Bb2 Nb4 27. Qf3 Qc6 28. Qh3 Qe4 29. Nf4 Nfd5 30. Rbd1 Qf5 31. Nxd5 Qxh3 32. Nxe7+ Rxe7 33. gxh3 Red7 34. Rf4 Nd5 35. Rg4 Nb4 36. Rdg1 Nd3 37. Rxg7+ Kf8 38. Ba3+ 1-0

[Event "Lancaster Major 2nd"]
[Site "Lancaster"]
[Date "2024.08.11"]
[Round "5.17"]
[White "Howells, Stephen Wyn"]
[Black "Barton, Zachary"]
[Result "1/2-1/2"]
[WhiteElo "1526"]
[BlackElo "1878"]
[PlyCount "47"]
[EventDate "2024.08.09"]
[EventType "swiss"]
[EventRounds "5"]
[EventCountry "ENG"]
[SourceTitle "BritBase"]
[Source "John Saunders"]
[SourceDate "2024.08.31"]
[SourceVersion "1"]
[SourceVersionDate "2024.08.28"]
[SourceQuality "1"]

1. Nf3 d5 2. d4 Nf6 3. c4 e6 4. g3 c6 5. Bg2 Nbd7 6. O-O Be7 7. b3 O-O 8. Bb2 b6 9. Nbd2 Bb7 10. Rc1 Rc8 11. Re1 Qc7 12. cxd5 exd5 13. e4 Nxe4 14. Nxe4 dxe4 15. Rxe4 Nf6 16. Re2 Qd6 17. Ne5 Rfe8 18. Nc4 Qd8 19. Ne5 Nd5 20. Rec2 Qd6 21. Bxd5 cxd5 22. Rxc8 Rxc8 23. Rxc8+ Bxc8 24. Qc2 1/2-1/2

[Event "Lancaster Major 2nd"]
[Site "Lancaster"]
[Date "2024.08.11"]
[Round "5.18"]
[White "Williamson, Graham A"]
[Black "Cherrington, Joshua"]
[Result "1/2-1/2"]
[WhiteElo "1754"]
[BlackElo "1631"]
[PlyCount "83"]
[EventDate "2024.08.09"]
[EventType "swiss"]
[EventRounds "5"]
[EventCountry "ENG"]
[SourceTitle "BritBase"]
[Source "John Saunders"]
[SourceDate "2024.08.31"]
[SourceVersion "1"]
[SourceVersionDate "2024.08.28"]
[SourceQuality "1"]

1. d4 d5 2. Bf4 Nf6 3. e3 c5 4. c3 Nc6 5. Nf3 Bf5 6. Bd3 Bxd3 7. Qxd3 e6 8. Nbd2 Bd6 9. O-O Bxf4 10. exf4 cxd4 11. Nxd4 O-O 12. Rfe1 Qc7 13. g3 Rfb8 14. N4f3 b5 15. Ne5 a5 16. h3 Nd7 17. Nxd7 Qxd7 18. Nf3 Rd8 19. Qxb5 Ne5 20. Qe2 Nxf3+ 21. Qxf3 Rab8 22. Re2 Rb6 23. Rd1 Qa4 24. b3 Qa3 25. Qe3 Rdb8 26. Rc2 Kf8 27. Rd4 Rc6 28. Ra4 Qc5 29. Kf1 Ke7 30. Ke2 Rb4 31. Qxc5+ Rxc5 32. Rxa5 Re4+ 33. Kd2 Rxa5 34. f3 Rea4 35. bxa4 Rxa4 36. Kd3 Kd6 37. Rb2 Kc6 38. h4 g6 39. Rh2 h5 40. Rb2 Kc7 41. Kc2 Ra3 42. Kd3 1/2-1/2